Entry Nombre personal
001 - NÚMERO DE CONTROL
- campo de control: 132707
003 - IDENTIFICADOR DE NÚMERO DE CONTROL
- campo de control: SpMaBN
005 - FECHA Y HORA DE LA ÚLTIMA TRANSACCIÓN
- campo de control: 20230627160254.0
008 - ELEMENTOS DE DATO DE LONGITUD-FIJA
- campo de control de longitud fija: 981210nn ainnnaabn n aac
016 ## - NÚMERO DE CONTROL DE UNA AGENCIA BIBLIOGRÁFICA NACIONAL
- Número de control del registro: BNE20000384724
040 ## - FUENTE DE CATALOGACIÓN
- Centro catalogador/agencia de origen: SpMaBN
- Lengua de catalogación: spa
- Centro/agencia transcriptor: CDM
100 1# - ENCABEZAMIENTO-NOMBRE DE PERSONA
- Nombre de persona: Siboni Jiménez, Luis,
- Fechas asociadas al nombre: 1841-1926
373 ## - GRUPO ASOCIADO
- Grupo asociado: Ateneo de Madrid
- Fuente de información: Cargos históricos del Ateneo de Madrid 1835-1936 (Archivo del Ateneo); Ateneístas ilustres II (2007)
375 ## - GÉNERO/SEXO
- Género: Masculino
670 ## - FUENTE DE DATOS ENCONTRADOS
- Cita de la fuente: Blog del Colegio Oficial de Farmacéuticos de Madrid: Farmacéuticos emprendedores: Luis Siboni Jiménez, defensor a ultranza de la moral profesional (https://blog.cofm.es/farmaceuticos-emprendedores-luis-siboni-jimenez-defensor-a-ultranza-de-la-moral-profesional/; consultado el 27/6/2023)
- Información encontrada: (Siboni Jiménez, Luis, 1841-1926)
678 ## - DATOS BIOGRÁFICOS O HISTÓRICOS
- Datos biográficos o históricos: Socio del Ateneo de Madrid. Vicepresidente de la Sección de Literatura en 1898-1900
- Ampliación de la nota: Fuentes: Cargos históricos del Ateneo de Madrid 1835-1936 (Archivo del Ateneo); Ateneístas ilustres II (2007)
